Perturbaciones en los mercados agrarios /
Se describen cuatro aspectos referentes a la situacion del mercado agropecuario en España: Primero, las variaciones de la relación real entre intercambio de la agricultura. Segundo, los cambios en laa oferta desde el punto de vista de la especialización regional y la diferenciación productivade las...
Spremljeno u:
| Glavni autor: | |
|---|---|
| Daljnji autori: | |
| Format: | Tekst |
| Izdano: |
Madrid:
M.A.P.A
|
| Teme: | |
| Oznake: |
Dodaj oznaku
Bez oznaka, Budi prvi tko označuje ovaj zapis!
|
MARC
| LEADER | 00000 a a2200000 04500 | ||
|---|---|---|---|
| 001 | 26506 | ||
| 003 | |||
| 040 | |||
| 090 | |a 148600 | ||
| 100 | |a Mesanada, Carlos San Juan | ||
| 245 | |a Perturbaciones en los mercados agrarios / |c Carlos San Juan Mesanada | ||
| 260 | |a Madrid: |b M.A.P.A | ||
| 300 | |a 17 p |b **no definido** | ||
| 520 | |a Se describen cuatro aspectos referentes a la situacion del mercado agropecuario en España: Primero, las variaciones de la relación real entre intercambio de la agricultura. Segundo, los cambios en laa oferta desde el punto de vista de la especialización regional y la diferenciación productivade las empresas dentro de cada region. Tercero, los posibles cambios en la politica agraria comun, dando énfasis a las negociaciones con la Organización Mundial del Comercio (OMC) y al desarme arancelario. Y cuarto, el balance anual de los cambio en la renta real por ocupado de los agricultores españoles./jamena | ||
| 650 | |a MERCADO AGRICOLA | ||
| 650 | |a POLITICA AGRARIA | ||
| 650 | |a ESPECIALIZACION DE LA PRODUCCION | ||
| 650 | |a PRODUCCION AGROPECUARIA | ||
| 650 | |a ARANCELES | ||
| 650 | |a RENTA DE LA TIERRA | ||
| 650 | |a OMC | ||
| 650 | |a IMPORTACION | ||
| 650 | |a EXPORTACION | ||
| 650 | |a INGRESO | ||
| 650 | |a EXPLOTACION AGRICOLA | ||
| 650 | |a RENTA DE LA TIERRA | ||
| 700 | |a Monnet, Jean | ||
| 999 | |c 11923 |d 11923 | ||
